00416 2200169 4500245005200000020001800052250001100070100002200081700001500103650002200118005001900140260003000159041001400189084001100203300002300214336000900237 aThe Alpha Girl's GuidecHenry ManampiringhText a979-780-848-3 aCet. 3 aHenry Manampiring aAlaine Any aPengembangan Diri a20231012111015 aJakartabGagasMediac2015 aIndonesia a155.25 avi, 254 hlm. PDF : atext